000 00681nam a2200217 i 4500
001 86775
003 ES-MaACL
005 20250208063124.0
007 t|
008 041215s1955 sp ||||1| spa d
100 1 _aKipling, Rudyard,
_d1865-1936
_968087
245 1 3 _aEl collar sagrado
_b: novela /
_cde Rudyard Kipling ; traducido del inglés por Luis Elías.
250 _a1ª ed.
260 _aBarcelona :
_bJosé Janés,
_c1955 (
_fMiguza)
300 _a219 p. ;
_c17 cm.
490 1 _aclub de los lectores
700 1 _aElías, Luis.
_946967
830 0 _aClub de los lectores
_9181243
852 _aES-MaACL
_jC-11117
_bR.38687
999 _c86775
_d86775